| Tag |
First Indicator |
Second Indicator |
Subfields |
| LEADER |
00000cgm a2200000 a 4500 |
| 001 |
in00000079046 |
| 005 |
20151008055216.0 |
| 007 |
gs cnbfj |
| 008 |
770326c19741977nyu051ufrz 0sneng d |
| 035 |
|
|
|a (OCoLC)02835581
|
| 035 |
|
|
|9 AAJ2831AM
|
| 040 |
|
|
|a MXC
|c MXC
|d IUM
|d m.c.
|d TXA
|d UtOrBLW
|
| 049 |
|
|
|a TXAV
|d [
|v =manual]
|v [1272134]
|
| 090 |
|
|
|a QP90.6
|b .B6
|
| 096 |
|
|
|a QU 105 B666pt.2 1974
|
| 245 |
0 |
0 |
|a Body fluids II :
|b urinary concentration and dilution /
|c American Physiological Society [in conjunction with the National Medical Audiovisual Center] ; Howard S. Frazier.
|
| 264 |
|
1 |
|a New York, N.Y. :
|b Audio/Visual Medicine,
|c 1974
|
| 264 |
|
4 |
|c ©1977
|
| 300 |
|
|
|a 51 slides :
|b color +
|e 1 sound cassette (20 min. : 1 7/8 ips.) + 1 manual.
|
| 336 |
|
|
|a still image
|b sti
|2 rdacontent
|
| 337 |
|
|
|a projected
|b g
|2 rdamedia
|
| 338 |
|
|
|a slide
|b gs
|2 rdacarrier
|
| 490 |
1 |
|
|a Illustrated lectures in renal physiology ;
|v no. 802
|
| 520 |
|
|
|a A discussion of the regulation of the solute concentration of the nephron and a quantitation of free water clearance in diuresis and antidiuresis.
|
| 500 |
|
|
|a Slide.
|
| 650 |
|
0 |
|a Osmoregulation.
|
| 650 |
|
0 |
|a Body fluids.
|
| 650 |
|
0 |
|a Kidneys.
|
| 650 |
|
0 |
|a Diuresis.
|
| 700 |
1 |
|
|a Frazier, Howard S.
|
| 710 |
2 |
|
|a American Physiological Society (1887- )
|
| 710 |
2 |
|
|a Audio Visual Medical Marketing, Inc.
|
| 710 |
2 |
|
|a National Medical Audiovisual Center.
|
| 830 |
|
0 |
|a Illustrated lectures in renal physiology ;
|v no. 802.
|
| 999 |
|
|
|a MARS
|
| 999 |
f |
f |
|s 73463b00-e84a-3bc1-a120-85e873a82f49
|i 29531363-68c3-3966-a334-74a0f2c0476e
|t 0
|
| 952 |
f |
f |
|p 14_day
|a Texas A&M University
|b College Station
|c Sterling C. Evans Library
|d Evans: Media and Reserves (Annex 1st floor)
|t 0
|e QP90.6 .B6
|h Library of Congress classification
|i projected image -- slide
|m A14806059119
|
| 998 |
f |
f |
|a QP90.6 .B6
|s manual
|t 0
|l Evans: Media and Reserves (Annex 1st floor)
|